Sử dụng các kỹ thuật & thiết bị vi tính mới

Salvato in:
Dettagli Bibliografici
Autore principale: Võ, Hiếu Nghĩa
Altri autori: Trần, Trung Tường
Natura: Libro
Lingua:Undetermined
Pubblicazione: H. Thống kê 2005
Soggetti:
Accesso online:http://lrc.tdmu.edu.vn/opac/search/detail.asp?aID=2&ID=3246
Tags: Aggiungi Tag
Nessun Tag, puoi essere il primo ad aggiungerne! !
Thư viện lưu trữ: Trung tâm Học liệu Trường Đại học Thủ Dầu Một
LEADER 00771nam a2200205Ia 4500
001 TDMU_3246
008 210410s9999 xx 000 0 und d
082 |a 004.16028 
090 |b V400 
100 |a Võ, Hiếu Nghĩa 
245 0 |a Sử dụng các kỹ thuật & thiết bị vi tính mới 
245 0 |c Võ Hiếu Nghĩa, ThS.Trần Trung Tường, ThS. Võ Thị Kim Phượng, Trang Hữu Hạnh 
260 |a H. 
260 |b Thống kê 
260 |c 2005 
300 |a 307tr. 
650 |a Thiết bị vi tính; Thiết bị tin học 
700 |a Trần, Trung Tường 
856 |u http://lrc.tdmu.edu.vn/opac/search/detail.asp?aID=2&ID=3246 
980 |a Trung tâm Học liệu Trường Đại học Thủ Dầu Một